| 000 | 00717nam a2200241Ii 4500 | ||
|---|---|---|---|
| 001 | 25750 | ||
| 003 | GBCCL | ||
| 005 | 20241126110331.0 | ||
| 008 | 791105s1955 ilu 000 0 eng d | ||
| 035 | _a(OCoLC)05651241 | ||
| 040 |
_aSDN _cSDN |
||
| 049 | _aLBBK | ||
| 082 |
_a220.07 _bSEA |
||
| 092 |
_a220.07 _bM279 |
||
| 100 | 1 |
_aManley, George Thomas. _94846 |
|
| 245 | 1 | 0 |
_aSearch the Scriptures : _ba three year Bible study course / _cGeneral editors, G. T. Manley, H. W. Oldham. |
| 250 | _a3d ed. | ||
| 260 |
_aChicago : _bInter-Varsity Press, _c1955. |
||
| 300 |
_axvi, 544 p. ; _c22 cm. |
||
| 630 | 0 | 0 |
_aBible _xStudy _xOutlines, syllabi, etc. _94847 |
| 700 | 1 | 0 |
_aOldham, H. W. _ejoint ed. _94848 |
| 942 |
_2ddc _cBK |
||
| 999 |
_c145 _d145 |
||